[Event "Linares open"]
[Site "Tanta City EGY"]
[Date "2003.03.07"]
[Round "8"]
[White "Korneev, O."]
[Black "Elgindy"]
[Result "0-1"]
[WhiteElo "2613"]
[BlackElo "2467"]
[Annotator ",Elgy"]
[PlyCount "88"]
[EventDate "2002.05.13"]

1. e4 c5 2. Nf3 d6 3. d4 cxd4 4. Nxd4 Nf6 5. Nc3 Nc6 6. Bg5 e6 7. Qd2 Be7 8.
O-O-O O-O 9. Nb3 (9. f4 h6 10. Bxf6 Bxf6 11. Ndb5 e5 12. g3 Bg4 (12... Qa5 $5
13. Kb1 (13. Nxd6 exf4 14. Nd5 (14. gxf4 Bg4 15. Re1 Rfd8 16. Nxb7 (16. e5 Nxe5
17. Rxe5 Qb4 18. Nce4 Qxd2+ 19. Kxd2 Bxe5 20. fxe5 Bf3 21. Rg1 (21. Ng3 Bxh1
22. Nxh1 f6 23. Ke3 Rab8 24. Ke4 Rd7 25. Bb5 Re7 26. Bc4+ Kf8 27. e6 g6 28. Bd5
(28. Nf2 Rd8)) 21... Bxe4 22. Bc4 Rd7) 16... Qb4 17. Nxd8 Rb8 $19) 14... Qxa2
15. Nxf6+ gxf6 16. Qxf4 Qa1+ 17. Kd2 Qxb2) (13. Qxd6 $2 a6 14. Na3 Rd8) 13...
a6 14. Nxd6 Rd8 15. Qe3 Be6 16. a3 Qc7 17. f5 Rxd6 18. fxe6 fxe6 19. Rxd6 Qxd6
20. Qb6 Rb8 21. Bc4 Bd8 22. Qe3 b5 23. Rd1 Nd4) 13. Be2 Bxe2 14. Qxe2 a6 15.
Rxd6 (15. Nxd6 Nd4) 15... Qb8 (15... Qa5 16. Na3 Be7) 16. Rxf6 axb5 (16... gxf6
17. Qg4+ Kh8 18. Qh4 Kg7 19. Qg4+ (19. Na3 $6 Ne7 20. Qg4+ Kh7 21. Qd7 Qd8 22.
Qxb7 Qd6 23. Rd1 Qc5) 19... Kh8 20. Qh4 Kg7 21. Qg4+ $11) 17. Qg4 Qc8 18. Qxc8
Rfxc8 19. Rd6 b4 20. Nd5 Rxa2 21. Rd1 Ra1+ (21... Kf8 $5 22. Nb6 Re8 23. Kb1
Ra6 24. Nd7+ Kg8 25. Nc5 Ra7 26. R1d5 exf4 27. gxf4 Rea8 28. Nb3 Re8 29. e5 g5)
22. Kd2 Rxd1+ 23. Kxd1 Ra8 24. Rd7 Ra1+ 25. Kd2 Rh1 26. Rxb7 Rxh2+ 27. Kd3 Rg2
28. Rc7 Rxg3+ 29. Kc4 Nd4 30. Rc8+ Kh7 31. Nxb4 h5) 9... Qb6 10. f3 Rd8 11. Nb5
Rd7 12. Qe1 (12. Be3 Qd8 13. N5d4 e5 14. Nf5 d5 15. Nxe7+ Qxe7 16. Bc5 Qe6 17.
exd5 Rxd5 18. Bd3 b6 19. Ba3 Ba6) 12... a6 (12... Nxe4 $2 13. Bxe7 Nf2 14. Bg5
Nxd1 15. Qxd1 h6 16. Bd2 $16) 13. Be3 Qd8 14. N5d4 e5 $5 $146 (14... Nxd4 15.
Nxd4 (15. Bxd4 e5 16. Bc3 d5 17. Bxe5 dxe4 18. Rxd7 Bxd7 (18... Nxd7 19. Qxe4
Nxe5 20. Qxe5 Bf6 21. Qe4 g6) 19. fxe4 Be6) 15... Qc7 16. g4 d5 17. g5 Nh5 18.
Qh4 g6 19. Bh3 Rd8) 15. Nf5 d5 $1 (15... Bf8 16. Bg5) 16. Qg3 (16. Nxe7+ Qxe7
17. Bc5 Qd8) 16... Nh5 17. Qh3 (17. Qg4 g6 18. exd5 Rxd5 (18... Bf8 19. Nh6+
Bxh6 20. Bxh6 Rxd5 21. Rxd5 Qxd5 22. Bc4 Qd6 23. Qg5 Be6 24. Rd1 Nd4 25. Nxd4
Bxc4 26. Nb5 Qf6) 19. Rxd5 Qxd5 20. Nh6+ Kg7 21. Bc4 Bxg4 22. Bxd5 Bc8 23. c3
Nd8 24. Ng4 Bxg4 25. fxg4 Nf6 26. Bf3 e4 27. Be2 h6 28. Rd1 Ne6) 17... g6 18.
g4 dxe4 19. Bc4 (19. Rxd7 Bxd7 20. fxe4 Nf4 21. Nxe7+ (21. Nh6+ Kg7 22. Nxf7
Nxh3 23. Nxd8 Bxg4 24. Nxc6 bxc6 25. Bc4 Nf4 26. Na5 c5 27. Nb3 a5 28. a4 Bf3
29. Rf1 Bg2) 21... Qxe7 22. Qf3 Be6 23. Bxf4 Qf6) 19... Bg5 20. fxe4 Nf4 21.
Qf3 (21. Bxf7+ Kh8 22. Qf3 gxf5 23. exf5 Qc7 24. h4 Nb4 25. Bc5 Be7) 21... gxf5
22. exf5 (22. gxf5 b5) 22... b5 (22... Ng2 $5 23. Rxd7 Bxd7 24. Bxg5 Qxg5+ 25.
Kb1 Ne3 $19) 23. Bxf7+ (23. Qxc6 bxc4 24. Qxc4 Nd3+ 25. Rxd3 Rxd3 $19) 23...
Kxf7 24. h4 Nd4 (24... e4 25. Qf2 Nb4 26. Rxd7+ Bxd7 27. Nc5 (27. Bxf4 Qc8))
25. Nxd4 Bb7 26. Qf1 Nd3+ $2 $138 (26... Bxh1 $1 $19 27. hxg5 (27. Qxh1 Ne2+)
27... Bg2 28. Qe1 Rc8 29. Bxf4 Rxd4) 27. Qxd3 Bxe3+ 28. Qxe3 Bxh1 (28... exd4
29. Qe6+ Kf8 30. Rhe1 Rc8) 29. Qxe5 Rd6 $6 $138 (29... Qe7 $1 30. Qe6+ Kf8 31.
g5 Bd5 32. Qh6+ Kg8 33. g6 Qg7 34. Qg5 Rf8 35. h5 h6 36. Qe3 Re7 37. Qg3 Qe5
$19 38. Qxe5 Rxe5 39. Rf1 Kg7 40. c3 Re4 41. b3 Rh4 42. Re1 Kf6) 30. g5 Bb7 $2
$138 (30... Qd7 $1 31. g6+ hxg6 32. fxg6+ Kg8 33. c3 Re8 34. Qg3 Be4) 31. Rg1 (
31. Re1 $1 Rxd4 32. Qe6+ Kf8 33. Qh6+ Kg8 34. Qe6+ $11) 31... Qb6 $1 $138 (
31... Rxd4 $2 32. g6+ hxg6 33. Qe6+ Kf8 34. fxg6 $18) 32. f6 $4 $138 (32. c3 $5
Rc8 (32... Rad8 33. h5 Rxd4 34. cxd4 Qc6+ 35. Kb1 Qe4+ 36. Ka1 Qxd4 37. g6+
hxg6 38. fxg6+ Kg8 39. Qe6+ Kh8 40. Rc1 Qf4 41. Rb1 Rc8 42. Qe7 Qc7 43. Qg5)
33. g6+ hxg6 34. fxg6+ Rxg6 35. Qf5+ Kg7 36. Qd7+ Kh8 37. Rxg6 Qxg6 38. Qxb7
Rf8 $15) (32. g6+ $1 $11 hxg6 33. fxg6+ Rxg6 (33... Kg8 34. Qh5 Rd7 35. g7 Qxd4
36. Qh8+ Kf7 37. g8=Q+ Rxg8 38. Qxg8+ Ke7 39. Re1+ Be4 40. Qg5+ $18) 34. Rf1+
Kg8 35. Nf5 Rg1 36. Ne7+ Kh7 37. Qh5+ Kg7 38. Qf7+ Kh8 39. Qh5+ $11) 32... Re8
$19 33. g6+ hxg6 34. Qg5 Rxf6 35. Qh6 Qxd4 36. Qh7+ Kf8 (36... Ke6 37. Re1+ Kf5
) 37. Qh8+ Ke7 38. Qg7+ (38. Re1+ Be4) 38... Ke6 39. Rd1 Qf4+ 40. Kb1 Qd2 41.
Rc1 Be4 42. a3 Bxc2+ 43. Rxc2 Rf1+ 44. Ka2 Qxc2 0-1

[Event "Clichy"]
[Site "Clichy"]
[Date "1998.12.13"]
[Round "2"]
[White "Relange, Eloi"]
[Black "Elgindy"]
[Result "0-1"]
[WhiteElo "2490"]
[BlackElo "2455"]
[PlyCount "112"]
[EventDate "1998.05.16"]
[EventType "tourn"]
[EventRounds "9"]
[EventCountry "FRA"]
[EventCategory "7"]
[Source "ChessBase"]
[SourceDate "1999.11.16"]

1. e4 c5 2. Nf3 d6 3. d3 Nc6 4. g3 g6 5. Bg2 Bg7 6. O-O e5 7. c3 Nge7 8. a3 O-O
9. b4 a6 10. Be3 b6 11. Nbd2 h6 12. Nh4 Bb7 13. Qb3 Rb8 14. f4 exf4 15. gxf4 d5
16. bxc5 d4 $1 17. cxd4 Nxd4 18. Qd1 bxc5 19. Rc1 Nd5 $1 20. exd5 Qxh4 21. Nf3
Qd8 22. Ne5 Bxd5 23. Rxc5 Bxg2 24. Kxg2 Rb2+ 25. Kh1 Qh4 26. Bg1 Rfb8 $6 (26...
Bxe5 $1 $18 27. Rxe5 (27. fxe5 Qh3 28. Rf2 Ne2 29. Qxe2 Rxe2 30. Rxe2 Qf3+ 31.
Rg2 Qxd3) 27... Qh3 28. Rf2 Rxf2 29. Bxf2 Nf3) 27. Qg4 Qxg4 28. Nxg4 Ra2 (28...
Ne2 29. Be3 (29. Ra5 Rb1 30. Kg2 h5)) 29. Nxh6+ Bxh6 30. Bxd4 Bf8 31. Rd5 Bg7
32. f5 Bxd4 33. Rxd4 Rbb2 34. Rh4 gxf5 35. Kg1 Rg2+ 36. Kh1 Rgd2 37. Kg1 Rxd3
38. Rxf5 Rd1+ 39. Rf1 Rxf1+ 40. Kxf1 Rxa3 41. Rg4+ Kh7 42. Rh4+ Kg6 43. Rg4+
Kf5 44. Rg7 Kf6 45. Rg8 Ra4 46. Kf2 a5 47. Rg1 Ra2+ 48. Kg3 a4 49. h4 a3 50.
Kg4 Rb2 51. Rc1 Rb4+ 52. Kh5 Ra4 53. Rf1+ Kg7 54. Rg1+ Kh7 55. Rf1 a2 56. Ra1
f6 0-1

[Event "Malmo"]
[Site "Malmoe"]
[Date "1991.??.??"]
[Round "?"]
[White "Stellan, B."]
[Black "Elgindy"]
[Result "0-1"]
[WhiteElo "2480"]
[BlackElo "2330"]
[Annotator "sweden"]
[PlyCount "46"]
[EventDate "1991.??.??"]
[EventType "game"]
[EventCountry "SWE"]

1. e4 c5 2. Nf3 d6 3. d4 cxd4 4. Nxd4 Nf6 5. Nc3 Nc6 6. Bg5 e6 7. Qd2 Be7 8.
O-O-O O-O 9. Nb3 Qb6 10. f3 Rd8 11. Be3 Qc7 12. Qf2 d5 13. exd5 Nxd5 14. Nxd5
exd5 $1 $146 (14... Rxd5 15. Rxd5 exd5 16. Bb5 $14) 15. Bb5 Ne5 16. Bxa7 Nc4 $1
17. Kb1 b6 18. Bxc4 Qxa7 19. Rxd5 Qxa2+ 20. Kc1 Bf5 21. Rhd1 Rxd5 22. Rxd5 Bb4
23. Kd1 Qb1+ (23... Qb1+ 24. Nc1 (24. Ke2 Re8+) 24... Qxc1+ 25. Kxc1 Ra1#) 0-1

[Event "Cairo close"]
[Site "?"]
[Date "1997.??.??"]
[Round "?"]
[White "Elgindy"]
[Black "Timoshenko.G"]
[Result "1-0"]
[WhiteElo "2460"]
[BlackElo "2580"]
[PlyCount "91"]
[EventDate "1997.??.??"]
[EventType "swiss"]
[EventRounds "4"]

1. d4 Nf6 2. c4 e6 3. Nc3 Bb4 4. Qc2 O-O 5. Bg5 b6 $6 (5... h6 6. Bh4 c5) 6. e4
h6 7. Bh4 Bb7 8. e5 g5 9. Bg3 Ne4 10. f3 Nxg3 11. hxg3 Kg7 12. Nge2 f5 13.
exf6+ (13. O-O-O $5) 13... Qxf6 14. O-O-O Nc6 15. Ne4 Qg6 16. d5 Ne5 17. g4 (
17. N2c3 $5) 17... Kg8 18. N2g3 Rf7 19. Be2 Re8 20. Rh5 $6 (20. Kb1 $1) 20...
Bf8 21. Qb3 Bg7 22. Rhh1 (22. Kb1) 22... Rff8 23. Rd2 (23. Nh5 $5) 23... Rb8
24. Nc3 a6 25. dxe6 dxe6 26. Rhd1 (26. Qd1 Bc6 27. Nh5 Bh8 28. a3 b5 29. cxb5
axb5 $13) 26... Qf7 27. Nh5 Bh8 28. Qc2 Qe7 29. Bd3 Bc6 30. Be4 (30. Re2 Rbd8
31. Kb1 Rd4 32. Bh7+ Qxh7 33. Qxh7+ Kxh7 34. Rxd4 Nxf3 35. Rd1 Nd4 36. Re3 Bxg2
37. Ne4 e5 $44) 30... Be8 31. Ne2 $2 (31. Re1 $1 b5 32. Rde2 bxc4 (32... Nxc4
$2 33. Bd5 $18) (32... b4 33. Nd1 $14 (33. Nb1 $5)) 33. Kb1 $1 $40) 31... b5
32. cxb5 Rxb5 33. Nc3 Rc5 $2 (33... Nc4 $1 34. Nxb5 Bxb2+ 35. Kb1 axb5 36. Qb3
Nxd2+ 37. Rxd2 Be5 $17) 34. Rd8 $16 Nc4 35. R1d7 $1 Qxd7 36. Rxd7 Bxd7 37. Bc6
$1 $18 Be8 38. Bxe8 Rxe8 39. Qg6+ Kf8 40. Nf6 Rd8 41. Qg8+ Ke7 42. Qh7+ Kxf6
43. Ne4+ Ke5 44. Nxc5 Kd5 45. Nb7 Bxb2+ 46. Kc2 1-0

[Event "Tanta open"]
[Site "?"]
[Date "1997.??.??"]
[Round "5"]
[White "Elgindy"]
[Black "Miles, A."]
[Result "1-0"]
[WhiteElo "2485"]
[BlackElo "2600"]
[Annotator "elgindy"]
[PlyCount "133"]
[EventDate "1997.??.??"]
[EventType "swiss"]
[Source "CB7"]

1. d4 e6 2. c4 b6 3. Nc3 Bb7 4. a3 g6 5. e4 Bg7 6. Be3 Ne7 7. Qd2 f5 $6 (7...
d5 $5) 8. Bh6 O-O 9. Bxg7 Kxg7 10. e5 d6 11. exd6 cxd6 12. h4 Ng8 13. O-O-O Qe7
14. Re1 $16 Nd7 15. Nf3 Bxf3 16. gxf3 Ngf6 17. h5 Rh8 18. Bd3 Rae8 19. Reg1 Kf7
20. hxg6+ hxg6 21. Qg5 Rhg8 22. Rh6 Nf8 23. d5 $1 exd5 24. Bxf5 Qe5 25. cxd5 $1
Qxf5 26. Qxf5 gxf5 27. Rxf6+ Kxf6 28. Rxg8 Kf7 29. Rg5 Kf6 30. Rg8 Kf7 31. Rh8
a6 32. Kd2 Kg7 33. Rh5 Kg6 34. Rh8 Kg7 35. Rh4 b5 36. a4 Ng6 37. Rb4 bxa4 38.
Rxa4 Rb8 39. Kc2 Rb6 40. f4 Kf6 41. Rc4 Ne7 42. b4 Kf7 43. Rd4 (43. Kb3 $5 a5
44. b5 Nxd5 45. Ka4 $1 $16 (45. Nxd5 $4 Rxb5+ $19)) 43... Rb8 44. Kb3 Ke8 45.
Rd1 Kd7 46. Ra1 Rb6 47. Kc4 Kc7 48. Ne2 $1 $18 Kd7 49. Nd4 Kc8 50. Rh1 Rb7 51.
Rh8+ Kc7 52. Ne6+ Kb6 53. Rd8 Ka7 54. Rxd6 Nc8 55. Rc6 Nb6+ 56. Kd4 Na8 57. Rc4
Kb8 58. Ke5 Nb6 59. Rd4 Rf7 60. Nc5 Kc8 61. Ke6 Ra7 62. d6 Kd8 63. d7 a5 64.
bxa5 Rc7 65. Kd6 Nc4+ 66. Rxc4 Rxc5 67. Kxc5 1-0

[Event "tunisi close"]
[Site "?"]
[Date "1997.??.??"]
[Round "?"]
[White "Bezgodov, A."]
[Black "Elgindy"]
[Result "0-1"]
[WhiteElo "2545"]
[BlackElo "2460"]
[Annotator "Esam,M"]
[PlyCount "70"]
[EventDate "1997.??.??"]
[EventType "swiss"]
[EventRounds "4"]

{2560kB, f5book.ctg} 1. e4 c5 2. Nf3 d6 3. d4 cxd4 4. Nxd4 Nf6 5. Nc3 Nc6 6.
Bg5 e6 7. Qd2 Be7 8. O-O-O O-O 9. f4 h6 10. h4 (10. Bh4 e5 11. Nf5 Bxf5 12.
exf5) 10... Nxd4 11. Qxd4 hxg5 12. hxg5 Ng4 13. Be2 e5 14. Qg1 exf4 15. Bxg4
Bxg5 (15... Bxg4 16. Qh2 f5 17. Qh7+ Kf7 18. exf5 Bxg5 19. Ne4 f3+ 20. Kb1 fxg2
21. Rh5 Bxd1 22. Qg6+ Kg8 23. Qh7+) 16. Qh2 (16. Bxc8 Rxc8 17. Rd3 Bh6 18. Kb1
Qg5 19. Qxa7 (19. Nd5 Rfe8 20. Qxa7 Qxg2 21. Rdd1 Qxc2+ 22. Ka1 Ra8 23. Qxb7
Reb8) 19... Qxg2 20. Rg1 Qh2) 16... Bh6 {0.66/9} 17. Bf5 Qg5 18. Nd5 Be6 19.
Bxe6 fxe6 {0.09/8} 20. Nc7 Qg4 21. Nxa8 {1.25/10} (21. Kb1 Rac8 22. Nb5 Qe2 23.
Nc3 Rxc3 (23... Qc4 24. Rxd6 (24. Qh3 Rc6) 24... b5 25. a3 a5 26. Qh3 b4) (
23... Qc4 24. Rxd6 b5 25. Rd2 b4 26. Nd1 Qxe4) 24. bxc3 Qxe4 25. Rxd6 Qe5 26.
Rd3) 21... f3+ 22. Kb1 {1.69/12} fxg2 23. Rhg1 {1.13/11} Qxd1+ 24. Rxd1 {5.94/1
} Rf1 25. Qg1 {-0.16/11} (25. Qxd6 g1=Q) 25... Rxd1+ 26. Qxd1 {6.00/1} Be3 27.
Nc7 {-0.34/12} g1=R 28. Qxg1 {-0.72/11} Bxg1 29. Nxe6 {-0.56/10} Kf7 30. Nd8+ {
-0.34/9} Ke7 31. Nxb7 {0.22/7} Bb6 {0.34/6} 32. Kc1 Kd7 {-1.00/9} 33. b4 Kc6 {
-0.19/8} 34. Na5+ Bxa5 {0.66/11} 35. bxa5 Kc5 {-0.19/11} 0-1

[Event "Leedo"]
[Site "?"]
[Date "1998.??.??"]
[Round "?"]
[White "Hamdochi, H."]
[Black "Elgindy"]
[Result "0-1"]
[WhiteElo "2555"]
[BlackElo "2455"]
[PlyCount "130"]
[EventDate "1998.??.??"]
[EventType "swiss"]

1. e4 c5 2. Nf3 d6 3. Bb5+ Bd7 4. Bxd7+ Qxd7 5. c4 Nf6 6. Nc3 Nc6 7. d4 cxd4 8.
Nxd4 Qg4 9. Qxg4 Nxg4 10. Nxc6 bxc6 11. Bf4 g6 12. h3 Bh6 13. Bxh6 Nxh6 14.
O-O-O f6 15. c5 O-O-O 16. cxd6 exd6 17. Rd3 Rhe8 18. Rhd1 Kc7 19. f3 Nf7 20.
R1d2 Re5 21. Rc2 Kd7 22. Ne2 Ra5 23. Rb3 Rc8 24. a3 Ra6 25. Nd4 Nd8 26. Rd3 Rb6
27. b4 a5 28. bxa5 Ra6 29. Nb3 Nb7 30. Kd2 c5 31. Rc4 Ke7 32. Ra4 Rca8 (32...
c4 33. Rc3) 33. Ke3 Kd7 34. Rc3 Nxa5 35. Nxa5 Rxa5 36. Rxa5 Rxa5 37. h4 Kc6 38.
g4 Ra4 39. Kd3 f5 40. gxf5 gxf5 41. h5 f4 42. Kc2 Ra8 43. Rd3 Rg8 44. Rd5 Rg3
45. Rf5 Rxf3 46. Rf7 Rxa3 47. Rxf4 Rh3 48. Rf5 Kb5 49. Rd5 Kb4 50. Rxd6 Rxh5
51. Kd3 Rh3+ 52. Kd2 c4 53. e5 Rh2+ 54. Kd1 Kc3 55. e6 Rh5 56. Rd7 h6 57. e7
Re5 58. Rd6 Rxe7 59. Rxh6 Rg7 60. Rh3+ Kb2 61. Rh2+ Kb3 62. Rh8 Rg1+ 63. Ke2 c3
64. Rb8+ Kc2 65. Rc8 Rg7 0-1

[Event "R1/B1 (Shev.)"]
[Site "?"]
[Date "1998.??.??"]
[Round "?"]
[White "Elgindy"]
[Black "Csom, I."]
[Result "1-0"]
[WhiteElo "2485"]
[BlackElo "2460"]
[PlyCount "133"]
[EventDate "1998.??.??"]
[EventType "game"]

1. d4 Nf6 2. c4 e6 3. Nc3 Bb4 4. Qc2 c5 5. dxc5 Na6 6. a3 Bxc3+ 7. Qxc3 Nxc5 8.
f3 a5 9. e4 d6 10. Be3 Qc7 11. Ne2 Bd7 12. Nd4 O-O 13. Be2 Rfc8 14. Rc1 Na4 $6
(14... a4 $5 15. O-O) 15. Qd2 e5 $6 16. Nf5 Bxf5 17. exf5 Qd7 18. g4 Qc6 19.
O-O Nc5 20. Rcd1 $1 Nb3 21. Qxd6 {#} Nd4 22. Qxc6 Nxe2+ 23. Kf2 Rxc6 24. Kxe2
Rxc4 25. Rc1 $16 b5 26. b3 Rcc8 27. Rxc8+ Rxc8 28. Rc1 Rxc1 29. Bxc1 Kf8 30. a4
$1 bxa4 (30... b4 31. Kd3 Ke7 32. Kc4 $16) 31. bxa4 Nd5 32. Kd3 Nb6 33. Be3 Nd5
(33... Nxa4 $2 34. Kc2 $18) 34. Bc5+ Ke8 35. Kc4 Nf4 36. Be3 Ng2 37. Bf2 Kd7
38. Kb5 Nf4 39. Be1 Ne2 40. Bf2 Nf4 41. Bg3 Nd3 42. Bh4 Kc7 43. Bg3 Kd6 44.
Kxa5 Kc6 45. h3 f6 46. h4 h5 47. gxh5 Nc5 48. Kb4 Nb7 49. Bf2 Nd6 50. a5 Nxf5
51. a6 e4 52. fxe4 Nd6 53. e5 fxe5 54. Bg3 Nf7 55. Kc4 Nd6+ 56. Kb4 Nf7 57. a7
Kb7 58. Kc5 Kxa7 59. Kd5 Kb7 60. Ke6 Nd8+ 61. Ke7 Kc8 62. Bh2 e4 63. Bf4 Nc6+
64. Kf7 Nd4 65. Kxg7 Ne6+ 66. Kf7 Kd7 67. h6 1-0

[Event "Clichy"]
[Site "Clichy"]
[Date "1998.12.15"]
[Round "4"]
[White "Fontaine, Robert"]
[Black "Elgindy"]
[Result "0-1"]
[WhiteElo "2360"]
[BlackElo "2455"]
[PlyCount "114"]
[EventDate "1998.05.16"]
[EventType "tourn"]
[EventRounds "9"]
[EventCountry "FRA"]
[EventCategory "7"]
[Source "ChessBase"]
[SourceDate "1999.11.16"]

1. e4 c5 2. Nf3 Nc6 3. d4 cxd4 4. Nxd4 Nf6 5. Nc3 d6 6. Bc4 Bd7 7. O-O g6 8.
Kh1 Bg7 9. Be3 Ng4 10. Nxc6 bxc6 11. Bd4 e5 12. Be3 Qh4 13. h3 O-O 14. Qf3 d5
15. Bc5 dxc4 16. Bxf8 Bxf8 17. Kg1 Nh6 18. Rad1 Be6 19. b3 Be7 20. Na4 Kg7 21.
Nb2 cxb3 22. axb3 f6 23. Qe3 Nf7 24. Nd3 g5 25. f3 h5 26. Qf2 Qxf2+ 27. Kxf2 h4
28. Ra1 Bd8 29. Ke2 Bb6 30. c4 Bd4 31. Ra6 Rc8 32. Nb4 Nd8 33. Nc2 Bc5 34. Kd3
Rb8 35. b4 Bxb4 36. Rb1 c5 37. Rxa7+ Kg6 38. Ne3 Nc6 39. Rc7 Rc8 40. Rxc8 Bxc8
41. Nd5 f5 42. Ra1 Bb7 43. Ne3 f4 44. Nd5 Kf7 45. Nxb4 cxb4 46. c5 Bc8 47. Ra8
Be6 48. Ra6 Nd4 49. Ra7+ Ke8 50. Rg7 Nb3 51. c6 Nc5+ 52. Kc2 b3+ 53. Kb1 Kd8
54. Rxg5 Bc4 55. Rxe5 Na4 56. c7+ Kxc7 57. Re7+ Kc6 0-1

[Event "Cap d'Agde-B"]
[Site "Cap d'Agde"]
[Date "1998.10.25"]
[Round "2"]
[White "Elgindy"]
[Black "Gelfand, Boris"]
[Result "1/2-1/2"]
[WhiteElo "2455"]
[BlackElo "2675"]
[PlyCount "109"]
[EventDate "1998.10.??"]
[EventType "tourn (rapid)"]
[EventRounds "7"]
[EventCountry "FRA"]
[EventCategory "14"]
[Source "ChessBase"]
[SourceDate "1998.11.10"]

1. d4 Nf6 2. c4 e6 3. Nc3 Bb4 4. Qc2 O-O 5. e4 d5 6. e5 Ne4 7. Bd3 c5 8. cxd5
exd5 9. Nge2 cxd4 10. Nxd4 Nd7 11. f4 Qh4+ 12. g3 Qh3 13. Bf1 Qh5 14. Bg2 Qg6
$146 (14... Nb6) 15. Bd2 Bxc3 16. Bxc3 Qa6 17. Qe2 Qxe2+ 18. Nxe2 Ndc5 19. Rd1
b6 20. Bb4 (20. Bd4 Bb7 21. f5 Rfe8 22. b4 Nd7 23. Bxe4 dxe4 24. e6 fxe6 25.
Bxg7 Rad8) 20... Ba6 21. Bxe4 dxe4 22. Bxc5 bxc5 23. Kf2 Rab8 24. Rd2 f6 25.
exf6 gxf6 26. Rc1 Rfc8 27. g4 Bd3 28. f5 c4 29. Nf4 Rc5 30. Ke3 Re5 31. Rc3 a5
32. b3 cxb3 33. axb3 Reb5 34. Nxd3 exd3 35. Rdxd3 h5 36. h3 hxg4 37. hxg4 Kg7
38. Kf4 Rb4+ 39. Kg3 Kh6 40. Kh4 Rg8 41. Rc4 Rxc4 42. bxc4 Ra8 43. Ra3 Kg7 44.
Kg3 Kf7 45. Kf4 Ke7 46. Ke4 (46. g5 fxg5+ 47. Kxg5 Kf7 48. Ra4 Ra6 49. c5 Kg7
50. Kf4 Kf6 51. Ke4 $18) 46... Kd6 47. Kd4 a4 48. Ra1 Kc6 49. Kc3 Kc5 50. Rd1
a3 51. Kb3 a2 52. Ra1 Rb8+ 53. Kc3 Ra8 54. Kb3 Rb8+ 55. Kc3 1/2-1/2

[Event "Cap d'Agde-B"]
[Site "Cap d'Agde"]
[Date "1998.10.26"]
[Round "5"]
[White "Elgindy"]
[Black "Arencibia, Walter"]
[Result "1-0"]
[WhiteElo "2455"]
[BlackElo "2550"]
[PlyCount "51"]
[EventDate "1998.10.??"]
[EventType "tourn (rapid)"]
[EventRounds "7"]
[EventCountry "FRA"]
[EventCategory "14"]
[Source "ChessBase"]
[SourceDate "1998.11.10"]

1. d4 Nf6 2. c4 e6 3. Nc3 d5 4. Nf3 Be7 5. Bf4 O-O 6. e3 c5 7. dxc5 Bxc5 8. a3
Nc6 9. b4 Be7 10. cxd5 Nxd5 11. Nxd5 exd5 12. Bd3 Bf6 13. Rc1 Bg4 14. O-O a6 (
14... Qe7 15. h3 Bxf3 16. Qxf3 Rfd8 17. Rfd1 g6) 15. h3 Bh5 $6 (15... Be6) 16.
Rc5 $1 Ne7 17. g4 Bg6 18. g5 Bb2 19. Bxg6 Nxg6 20. Qb3 $18 Qd7 21. Qxb2 Qxh3
22. Bg3 f5 23. Rc7 Rf7 24. Rxf7 Kxf7 25. Rc1 Re8 26. Qd4 1-0

[Event "Linares open"]
[Site "Tanta City EGY"]
[Date "2003.03.08"]
[Round "9"]
[White "Elgindy"]
[Black "Pavlovic, M."]
[Result "1-0"]
[WhiteElo "2467"]
[BlackElo "2560"]
[PlyCount "53"]
[EventDate "2002.05.13"]

1. d4 Nf6 2. c4 e6 3. Nc3 Bb4 4. Qc2 O-O 5. e4 d5 6. e5 Ne4 7. a3 Bxc3+ 8. bxc3
c5 9. Bd3 (9. Bb2 $5 cxd4 10. cxd4 Qa5+ 11. Ke2 f6 12. f3 Ng5 13. h4) 9... cxd4
(9... Qa5 10. Ne2 cxd4 11. O-O dxc3 12. Be3 Nc6 13. cxd5 $36) 10. cxd4 Qa5+ 11.
Kf1 Nc6 (11... f6 12. Bxe4 dxe4 13. exf6 Rxf6 14. Ne2) 12. Ne2 Bd7 (12... Nb4
$6 13. axb4 Qxa1 14. f3 f5 15. c5 (15. Qb1 Qa4 (15... Qxb1 16. Bxb1 a5 17. b5
a4 18. fxe4 fxe4+ 19. Ke1 a3 20. Ba2 dxc4 21. Nc3 Bd7 22. Rf1) 16. Ke1 Bd7 17.
fxe4 fxe4 18. Nc3 Qc6 19. Be2 dxc4 20. Qxe4 Qb6 21. Bxc4 Qxb4 22. Bd3 g6 23.
Bd2) 15... a5 (15... Bd7 16. Qb1 Qxb1 17. Bxb1 a5 18. bxa5 Rxa5 19. fxe4 fxe4+
20. Ke1 Bb5 21. Nc3 Bc4 22. Be3) 16. b5 a4 17. g3) 13. Rb1 f6 $2 14. cxd5 exd5
15. Rb5 Qd8 16. Rxd5 Ne7 17. Bxe4 Nxd5 18. Bxd5+ Kh8 19. e6 Bb5 20. Qe4 Rc8 21.
Bd2 (21. Bf4 $5) 21... Qd6 22. g4 $1 {
Preventing F5 and Creating scape sqare for the king} (22. a4 Ba6 23. Bxb7 Bxb7
24. Qxb7 Qxe6 25. Qb1 Rfe8 26. Be3 Qc4 27. Qd1 Rb8) (22. f3 $2 f5 $1) (22. Bxb7
Rc7 23. a4 Bxa4 24. Bf4 Qa3 25. g3) 22... Rfe8 (22... Bd3 23. Qf3 Bxe2+ 24.
Kxe2 Rfd8 25. Rc1 $18) (22... Qxa3 23. Kg2 $18) 23. Bb4 Qa6 24. Bxb7 Bxe2+ 25.
Kg2 Bd3 26. Qf3 Be2 $2 $138 (26... Qc4 27. Bxc8 Rxc8 28. Re1 $18) 27. Bxa6 1-0

[Event "Dupai open"]
[Site "?"]
[Date "2003.04.25"]
[Round "5"]
[White "Mamedyarov, Shakriy"]
[Black "Elgindy"]
[Result "1/2-1/2"]
[WhiteElo "2609"]
[BlackElo "2473"]
[PlyCount "61"]
[EventDate "2002.05.13"]

1. e4 c5 2. c3 e6 3. d4 d5 4. e5 Qb6 5. Nf3 Nc6 6. a3 c4 7. Be2 Na5 8. Nbd2 Bd7
9. O-O O-O-O (9... Ne7 10. Rb1 h6 11. Re1 O-O-O 12. Qc2 Kb8 13. Bd1 Rc8 14. Nf1
Nb3 15. Bf4 Ka8 16. Ng3 Ba4 17. Qe2) 10. Rb1 (10. b4 cxb3 11. Rb1 Ba4 12. c4 h6
13. c5 Qc7 14. Bb2 Ne7 15. Rc1 Kb8 16. Rc3 Nec6 17. Qb1 b6) 10... Nb3 11. Nxb3
Ba4 12. Be3 (12. Nfd2 $5 Kb8 13. Re1 Ne7) 12... Bxb3 13. Qc1 a5 14. Nd2 a4 15.
f4 Ne7 16. g4 h5 17. h3 hxg4 18. hxg4 f5 19. exf6 gxf6 20. Kg2 Ng6 21. Nxb3
axb3 22. Bf2 Qc7 23. Bg3 Bd6 24. Qe3 Kb8 25. Rbe1 Rde8 26. Bd1 Nh4+ (26... e5
27. fxe5 fxe5 28. Rf6 Nh4+ 29. Kg1) (26... Re7 $1 27. Qf2 Ka8 28. Re3 (28. f5
Reh7 29. fxg6 Bxg3) 28... Qb8 29. Ree1 (29. Rf3 Qg8 30. Qe1 Reh7 31. Re3 e5)
29... Qg8 30. Rh1 Rxh1 31. Rxh1 Qb8 32. f5 (32. Rh6 Rg7 33. f5 Bxg3 34. Qxg3
Nf4+ 35. Kf3 Nd3 36. Qxb8+ Kxb8 37. Rxf6 (37. Rh2 exf5 38. gxf5 Rg1 39. Rd2
Rxd1 40. Rxd1 Nxb2 41. Rh1 Na4 42. Ke3 Nxc3 43. Kd2 Ne4+ 44. Kc1 c3) 37... exf5
38. Rf8+ Kc7 39. Rxf5 Nxb2 40. Be2 Na4 41. Rxd5 Nxc3 42. Rc5+ Kd6 43. Bxc4 b2
44. Bd3 b1=Q 45. Bxb1 Nxb1 46. a4 Nd2+ 47. Kf4 Nb3) 32... exf5 33. Qxf5 Bxg3
34. Qxg6 Re3 (34... Be1 35. Rh3 Qf4 36. Qg8+ Ka7 37. Qxd5 $11) 35. Qxf6 Bh2 36.
Qf2 Bf4 37. Rh3 Re8 $44 38. Rh5 Qd6 39. Rf5 Be3 40. Qg3) 27. Kf2 Ng6 (27... e5
28. Rh1) 28. Kg2 Nh4+ 29. Kf2 Ng6 30. Kg2 Nh4+ 31. Kf2 1/2-1/2

[Event "Dupai open"]
[Site "?"]
[Date "2003.04.24"]
[Round "4"]
[White "Elgindy"]
[Black "Shariyazdanov, Andrey"]
[Result "1/2-1/2"]
[WhiteElo "2473"]
[BlackElo "2589"]
[PlyCount "96"]
[EventDate "2002.05.13"]

1. d4 Nf6 2. c4 e6 3. Nc3 Bb4 4. Qc2 c5 5. dxc5 Bxc5 6. Nf3 Qb6 7. e3 Qc7 8.
Be2 b6 9. O-O a6 10. b3 Bb7 11. Bb2 Be7 12. Rac1 d6 13. Rfd1 Nbd7 14. Nd4 Ne5
15. e4 Ng6 16. Bf1 O-O 17. g3 Rfe8 18. Bg2 Bf8 19. h3 Rac8 20. Qb1 Qb8 21. Nde2
h5 22. h4 Ng4 23. Nd4 Be7 24. Qd3 Qa7 25. Rc2 Bf6 26. a4 N6e5 27. Qe2 Nd7 28.
Ndb5 $1 axb5 29. Nxb5 Qb8 30. Bxf6 Ngxf6 31. Nxd6 e5 32. Bh3 Rc7 33. Nxe8 Qxe8
34. Rcd2 g6 35. Rd6 Kg7 36. f3 Qe7 37. Bxd7 (37. Qd2 Bxe4 38. Rxd7 Nxd7 39.
fxe4 Nf6) 37... Nxd7 38. Qd2 Bc8 39. Kg2 Qe8 40. Qd5 (40. a5 $5) 40... Nc5 (
40... Qe7 41. Rc6 Rxc6 42. Qxc6 Qd8 43. b4 g5 44. hxg5 Qxg5 45. Qxc8 h4 46. Rg1
h3+ 47. Kh1 Qe3) 41. Rxb6 Rd7 42. Qc6 Qd8 43. Rd5 $6 (43. Rd6 $1 $18 {wins !}
Rxd6 44. Qxd6 Qxd6 45. Rxd6 Nxb3 46. c5 $18) 43... Rxd5 44. cxd5 Nd7 45. Rb5 g5
$1 46. hxg5 $2 $138 (46. b4 gxh4 (46... Nf8 47. Rb8 Bh3+ 48. Kxh3 Qxb8 49. b5
gxh4) 47. gxh4 Qxh4 48. Qxc8) (46. a5 gxh4 47. gxh4 Nf8 48. Qc1 Qxh4 49. Qxc8
Ng6 $11) (46. d6 $1 gxh4 47. gxh4 Kh8 (47... Qxh4 48. Qxc8 Qg5+ 49. Kf1 Qg3 50.
Qxd7 Qxf3+ 51. Ke1 Qxe4+ 52. Kd2 Qd4+ 53. Kc2 Qf2+ 54. Kb1 Qe1+ 55. Ka2 Qd2+
56. Ka3 Qc1+ 57. Kb4 Qd2+ 58. Kc5 $18) 48. Qc7 Qg8+ 49. Kh2 f5 (49... Kh7 50.
Ra5 Qg6 51. Qxc8 Qxd6 52. Ra8 Qd2+ 53. Kh3 Nf6 54. Qh8+ Kg6 55. Rg8+ Nxg8 56.
Qxg8+ Kh6 57. Qg5+ Qxg5 58. hxg5+) 50. exf5 Qf8 51. Ra5 $18) 46... Qxg5 47.
Qxc8 (47. Qc3 h4 48. f4 (48. Qe1 Nf6 49. Rc5 Nh5 50. Rxc8 hxg3) 48... Qg4 49.
Qf3 h3+ 50. Kf2 Qg6) 47... Qd2+ 48. Kf1 (48. Kh3 Qd1 49. Kh4 Qh1+ 50. Kg5 f6+
51. Kf5 Qh3+ 52. g4 Qxf3+) 48... Qd1+ 1/2-1/2